Statystyki dla Wszyscy Zwycięzcy Rund Kwalifikacyjnych Ligi Mistrzów 2023/24

Kliknij tutaj aby rozwiązać quiz!

Ogólne statystyki

  • Ten quiz został rozwiązany 20 razy
  • Średni wynik to 7 z 46

Statystyki odpowiedzi

PodpowiedźOdpowiedź% Poprawnych
2 Runda KwalifikacyjnaRaków Częstochowa
100%
3 Runda KwalifikacyjnaRaków Częstochowa
100%
1 Runda KwalifikacyjnaRaków Częstochowa
100%
2 Runda KwalifikacyjnaAris Limassol
22%
3 Runda KwalifikacyjnaGalatasaray
22%
Faza Play-OffGalatasaray
22%
2 Runda KwalifikacyjnaGalatasaray
22%
Faza Play-OffYoung Boys
22%
3 Runda KwalifikacyjnaAEK Ateny
17%
2 Runda KwalifikacyjnaDinamo Zagrzeb
17%
1 Runda KwalifikacyjnaHJK Helsinki
17%
3 Runda KwalifikacyjnaMaccabi Hajfa
17%
2 Runda KwalifikacyjnaMaccabi Hajfa
17%
1 Runda KwalifikacyjnaMaccabi Hajfa
17%
1 Runda KwalifikacyjnaQarabağ
17%
Faza Play-OffBraga
11%
3 Runda KwalifikacyjnaBraga
11%
1 Runda KwalifikacyjnaBreiðablik
11%
Finał Rundy WstępnejBreiðablik
11%
Półfinał Rundy WstępnejBreiðablik
11%
1 Runda KwalifikacyjnaHäcken
11%
3 Runda KwalifikacyjnaRangers
11%
1 Runda KwalifikacyjnaAstana
6%
1 Runda KwalifikacyjnaBATE Borysów
6%
Półfinał Rundy WstępnejBudućnost Podgorica
6%
2 Runda KwalifikacyjnaFC København
6%
3 Runda KwalifikacyjnaFC København
6%
Faza Play-OffFC København
6%
1 Runda KwalifikacyjnaŁudogorec Razgrad
6%
2 Runda KwalifikacyjnaMolde
6%
3 Runda KwalifikacyjnaMolde
6%
2 Runda KwalifikacyjnaPanathinaikos
6%
3 Runda KwalifikacyjnaPanathinaikos
6%
Faza Play-OffRoyal Antwerp
6%
2 Runda KwalifikacyjnaServette
6%
1 Runda KwalifikacyjnaSheriff Tyraspol
6%
1 Runda KwalifikacyjnaŽalgiris Wilno
6%
1 Runda KwalifikacyjnaZrinjski Mostar
6%
3 Runda KwalifikacyjnaEindhoven
0%
Faza Play-OffEindhoven
0%
1 Runda KwalifikacyjnaKÍ Klaksvík
0%
2 Runda KwalifikacyjnaKÍ Klaksvík
0%
2 Runda KwalifikacyjnaOlimpija Lublana
0%
1 Runda KwalifikacyjnaOlimpija Lublana
0%
1 Runda KwalifikacyjnaSlovan Bratysława
0%
2 Runda KwalifikacyjnaSlovan Bratysława
0%

Rozkład punktacji

Percentyl według liczby udzielonych odpowiedzi

Procent ludzi z każdym wynikiem

Twoja historia wyników

Nie rozwiązałeś tego quizu